000 00563nam a2200193Ia 4500
003 LDD
008 181029s9999 xx 000 0 und d
020 _a9788189013806
_c595.00
040 _cLDD
100 _aWelchaman, Lynn
245 0 _aHonour
_bcrimes paradigms and violence against woman
_cLynn Welchaman
260 _aNew Delhi
_bZubaan
_c2006
300 _axiv, 384
365 _b595.00
901 _a3877
_b14-03-2007
902 _aUBS7400
_b15-03-2007
_cF
_dUPPAL
_e64
903 _aDiscount-10
_bReqst by : Anu Anaja
942 _2ddc
_cBK
999 _c78753
_d78753